| 000 | 01423nam a2200361Ia 4500 | ||
|---|---|---|---|
| 001 | ebr5000374 | ||
| 003 | CaPaEBR | ||
| 006 | m u | ||
| 007 | cr cn||||||||| | ||
| 008 | 001116s2001 enka s 000 0deng d | ||
| 010 | _z 00066336 | ||
| 020 | _z9781846427008 | ||
| 020 | _z1853029793 (alk. paper) | ||
| 040 |
_aCaPaEBR _cCaPaEBR |
||
| 035 | _a(OCoLC)559248704 | ||
| 050 | 1 | 4 |
_aRJ506.A9 _bD38 2001eb |
| 082 | 0 | 4 |
_a618.92/8982/0092 _aB _221 |
| 100 | 1 |
_aDavis, Bill, _d1953- |
|
| 245 | 1 | 0 |
_aBreaking autism's barriers _h[electronic resource] : _ba father's story / _cBill Davis, as told to Wendy Goldband Schunick. |
| 260 |
_aLondon ; _aPhiladelphia : _bJessica Kingsley, _c2001. |
||
| 300 |
_a399 p. : _bill. |
||
| 533 |
_aElectronic reproduction. _bPalo Alto, Calif. : _cebrary, _d2013. _nAvailable via World Wide Web. _nAccess may be limited to ebrary affiliated libraries. |
||
| 600 | 1 | 0 |
_aDavis, Chris _xMental health. |
| 650 | 0 |
_aAutistic people _vBiography. |
|
| 650 | 0 |
_aAutistic children _vBiography. |
|
| 650 | 0 |
_aAutistic children _xFamily relationships. |
|
| 650 | 0 |
_aFathers and sons _vBiography. |
|
| 650 | 0 | _aParents of autistic children. | |
| 655 | 7 |
_aElectronic books. _2local |
|
| 700 | 1 |
_aSchunick, Wendy Goldband, _d1955- |
|
| 710 | 2 | _aebrary, Inc. | |
| 856 | 4 | 0 |
_uhttp://site.ebrary.com/lib/rucke/Doc?id=5000374 _zAn electronic book accessible through the World Wide Web; click to view |
| 999 |
_c2785 _d2785 |
||